[Event "Lima-ch U14"]
[Site "Lima"]
[Date "2017.01.22"]
[Round "6.1"]
[White "Vizcarra Quispe, Jhael"]
[Black "Rojas, Steven"]
[Result "0-1"]
[WhiteElo "1501"]
[BlackElo "1857"]
[PlyCount "50"]
[EventDate "2017.01.19"]
[EventType "swiss"]
[EventRounds "7"]
[EventCountry "PER"]
[SourceTitle "EXT 2024"]
[Source "ChessBase"]
[SourceDate "2023.10.10"]
[SourceVersion "1"]
[SourceVersionDate "2023.10.10"]
[SourceQuality "1"]

1. e4 c5 2. Nc3 Nc6 3. Bb5 Nd4 4. Bc4 g6 5. Nf3 Bg7 6. Nxd4 cxd4 7. Qf3 e6 8. Nb5 d6 9. Qa3 Ke7 10. Nxa7 Bd7 11. f4 Qb8 12. 0-0 Qxa7 13. Qg3 b5 14. Bb3 Qc5 15. d3 f5 16. Kh1 Nf6 17. exf5 Qxf5 18. Bd2 Bc6 19. Rae1 Bd5 20. Bb4 Bxb3 21. axb3 Nd5 22. Ba3 b4 23. Qf3 bxa3 24. g4 Qxf4 25. Qxd5 Qxf1+ 0-1

[Event "Santiago del Surco IRT Ricardo Palma"]
[Site "Santiago del Surco"]
[Date "2016.07.23"]
[Round "6.5"]
[White "Vizcarra Quispe, Jhael"]
[Black "Gomez Huaraya, Jesus Miguel"]
[Result "0-1"]
[WhiteElo "1508"]
[BlackElo "1635"]
[PlyCount "74"]
[EventDate "2016.07.18"]
[EventType "swiss"]
[EventRounds "7"]
[EventCountry "PER"]
[SourceTitle "EXT 2024"]
[Source "ChessBase"]
[SourceDate "2023.10.10"]
[SourceVersion "1"]
[SourceVersionDate "2023.10.10"]
[SourceQuality "1"]

1. e4 c5 2. Nf3 Nc6 3. d4 cxd4 4. Nxd4 g6 5. Nc3 Bg7 6. Be3 Nf6 7. Bc4 0-0 8. Qd2 Ne5 9. Bb3 Neg4 10. 0-0-0 Nxe3 11. Qxe3 d6 12. f3 Qb6 13. Na4 Qa5 14. Qc3 Qg5+ 15. Kb1 Bd7 16. Qd2 Qh4 17. Qe1 Qh5 18. g4 Qe5 19. Qg3 b5 20. Nc3 Qc5 21. h4 a5 22. Nce2 a4 23. Bd5 Rac8 24. h5 e6 25. hxg6 hxg6 26. Rh4 exd5 27. Rdh1 Rfe8 28. c3 dxe4 29. Nf4 g5 30. Qh2 gxh4 31. Qxh4 Nd5 32. Qh7+ Kf8 33. Nfe2 exf3 34. Ng3 Nxc3+ 35. bxc3 Qxc3 36. Ngf5 Bxf5+ 37. gxf5 Qd3+ 0-1